<?xml version="1.0" encoding="UTF-8"?>
<record
    xmlns:xsi="http://www.w3.org/2001/XMLSchema-instance"
    xsi:schemaLocation="http://www.loc.gov/MARC21/slim http://www.loc.gov/standards/marcxml/schema/MARC21slim.xsd"
    xmlns="http://www.loc.gov/MARC21/slim">

  <leader>00631nam a22002177a 4500</leader>
  <controlfield tag="005">20220922125300.0</controlfield>
  <controlfield tag="008">210220b           ||||| |||| 00| 0 eng d</controlfield>
  <datafield tag="020" ind1=" " ind2=" ">
    <subfield code="a">9789382976394</subfield>
  </datafield>
  <datafield tag="040" ind1=" " ind2=" ">
    <subfield code="a">IN-DiNC</subfield>
    <subfield code="c">IN-DiNC</subfield>
  </datafield>
  <datafield tag="041" ind1=" " ind2=" ">
    <subfield code="d">eng</subfield>
  </datafield>
  <datafield tag="082" ind1=" " ind2=" ">
    <subfield code="a">301.0954</subfield>
    <subfield code="b">SEN</subfield>
  </datafield>
  <datafield tag="100" ind1=" " ind2=" ">
    <subfield code="a">Sen, Sanjay</subfield>
    <subfield code="e">author</subfield>
  </datafield>
  <datafield tag="245" ind1=" " ind2=" ">
    <subfield code="a">Indian society:</subfield>
    <subfield code="b">images and realities /</subfield>
    <subfield code="c">by Sanjay Sen, Arpita Dowarah and Arpita Dutta Sen</subfield>
  </datafield>
  <datafield tag="250" ind1=" " ind2=" ">
    <subfield code="a">1st ed.</subfield>
  </datafield>
  <datafield tag="260" ind1=" " ind2=" ">
    <subfield code="a">Golaghat:</subfield>
    <subfield code="b">Saraswati prakashan,</subfield>
    <subfield code="c">2020</subfield>
  </datafield>
  <datafield tag="300" ind1=" " ind2=" ">
    <subfield code="a">220p.</subfield>
  </datafield>
  <datafield tag="650" ind1=" " ind2=" ">
    <subfield code="a">Ideas of India</subfield>
  </datafield>
  <datafield tag="700" ind1=" " ind2=" ">
    <subfield code="a">Dowarah, Arpita</subfield>
    <subfield code="e">author</subfield>
  </datafield>
  <datafield tag="700" ind1=" " ind2=" ">
    <subfield code="a">Sen, Arpita Dutta</subfield>
    <subfield code="e">author</subfield>
  </datafield>
  <datafield tag="942" ind1=" " ind2=" ">
    <subfield code="2">ddc</subfield>
    <subfield code="c">BK</subfield>
  </datafield>
  <datafield tag="999" ind1=" " ind2=" ">
    <subfield code="c">11148</subfield>
    <subfield code="d">11148</subfield>
  </datafield>
  <datafield tag="952" ind1=" " ind2=" ">
    <subfield code="0">0</subfield>
    <subfield code="1">0</subfield>
    <subfield code="2">ddc</subfield>
    <subfield code="4">0</subfield>
    <subfield code="7">0</subfield>
    <subfield code="8">SOCI</subfield>
    <subfield code="a">MAIN</subfield>
    <subfield code="b">MAIN</subfield>
    <subfield code="c">GEN</subfield>
    <subfield code="d">2021-02-20</subfield>
    <subfield code="g">200.00</subfield>
    <subfield code="l">7</subfield>
    <subfield code="o">301.0954 SEN</subfield>
    <subfield code="p">28592</subfield>
    <subfield code="r">2022-12-07 00:00:00</subfield>
    <subfield code="s">2022-11-17</subfield>
    <subfield code="t">1</subfield>
    <subfield code="w">2021-02-20</subfield>
    <subfield code="y">BK</subfield>
  </datafield>
  <datafield tag="952" ind1=" " ind2=" ">
    <subfield code="0">0</subfield>
    <subfield code="1">0</subfield>
    <subfield code="2">ddc</subfield>
    <subfield code="4">0</subfield>
    <subfield code="7">0</subfield>
    <subfield code="8">SOCI</subfield>
    <subfield code="a">MAIN</subfield>
    <subfield code="b">MAIN</subfield>
    <subfield code="c">GEN</subfield>
    <subfield code="d">2021-02-20</subfield>
    <subfield code="g">200.00</subfield>
    <subfield code="l">7</subfield>
    <subfield code="o">301.0954 SEN</subfield>
    <subfield code="p">28593</subfield>
    <subfield code="r">2025-04-08 03:51:01</subfield>
    <subfield code="s">2025-03-19</subfield>
    <subfield code="t">2</subfield>
    <subfield code="w">2021-02-20</subfield>
    <subfield code="y">BK</subfield>
  </datafield>
  <datafield tag="952" ind1=" " ind2=" ">
    <subfield code="0">0</subfield>
    <subfield code="1">0</subfield>
    <subfield code="2">ddc</subfield>
    <subfield code="4">0</subfield>
    <subfield code="7">0</subfield>
    <subfield code="8">SOCI</subfield>
    <subfield code="a">MAIN</subfield>
    <subfield code="b">MAIN</subfield>
    <subfield code="c">GEN</subfield>
    <subfield code="d">2022-09-22</subfield>
    <subfield code="g">200.00</subfield>
    <subfield code="l">4</subfield>
    <subfield code="o">301.0954 SEN</subfield>
    <subfield code="p">29110</subfield>
    <subfield code="r">2022-12-07 00:00:00</subfield>
    <subfield code="s">2022-10-31</subfield>
    <subfield code="t">3</subfield>
    <subfield code="w">2022-09-22</subfield>
    <subfield code="y">BK</subfield>
  </datafield>
  <datafield tag="952" ind1=" " ind2=" ">
    <subfield code="0">0</subfield>
    <subfield code="1">0</subfield>
    <subfield code="2">ddc</subfield>
    <subfield code="4">0</subfield>
    <subfield code="7">0</subfield>
    <subfield code="8">SOCI</subfield>
    <subfield code="a">MAIN</subfield>
    <subfield code="b">MAIN</subfield>
    <subfield code="c">GEN</subfield>
    <subfield code="d">2022-09-22</subfield>
    <subfield code="g">200.00</subfield>
    <subfield code="l">4</subfield>
    <subfield code="o">301.0954 SEN</subfield>
    <subfield code="p">29111</subfield>
    <subfield code="r">2025-03-03 06:33:11</subfield>
    <subfield code="s">2025-02-15</subfield>
    <subfield code="t">4</subfield>
    <subfield code="w">2022-09-22</subfield>
    <subfield code="y">BK</subfield>
  </datafield>
</record>
